00778nam a2200217 i 4500003000900000005001700009007000300026008004100029040003000070082001800100100003400118245013300152264004100285300005900326336002700385337003400412338002800446490001900474700003600493700003100529DO-SdBNP20230807104125.0ta110413s2002 dr ao 000 0 spa d aDO-SdBNPbspacBNPHUerda axxxbH519222 aHenríquez, Quisqueyad1966-10aQuisqueya Henríquez :bobras recientes, una presentación /ccoordinación Paula Gómez ; traducción al ingles Paula Vega aSanto Domingo :bArte Actual,c2002. a[42] páginas bilustraciones, fotografías c31 cm. 2rdacontentatextobtxt 2rdamediaasin mediación bn 2rdacarrieravolumenbnc1 aConferencias ; aGómez, Paulaecoordinación  aVega, Pauladtraducción